000 00482nam a22001577a 4500
005 20251108165257.0
008 250721s9999 xx 000 0 ara d
082 1 4 _a923.1/ناص
100 1 _aمرزوق، محمد عبد العزيز
245 1 0 _aالناصر محمد بن قلاوون /
264 1 _aالقاهرة :
_bالمؤسسة المصرية العامة للكتاب،
_c[19-].
300 _a350ص
650 1 7 _aالتراجم
942 _2ddc
_cBK
999 _c23927
_d23927